Practical skills in biomolecular sciences

Պահպանված է:
Մատենագիտական մանրամասներ
Հիմնական հեղինակներ: Reed, Rob (Հեղինակ), Holmes, David (Հեղինակ), Weyers, Jonathan (Հեղինակ), Jones, Allan (Հեղինակ)
Ձևաչափ: Գիրք
Լեզու:անգլերեն
Հրապարակվել է: Essex Pearson Education 2003
Հրատարակություն:2a. ed
Խորագրեր:
Ցուցիչներ: Ավելացրեք ցուցիչ
Չկան պիտակներ, Եղեք առաջինը, ով նշում է այս գրառումը!

MARC

LEADER 00000nam a2200000 a 4500
001 UCK0782
003 CL-VaPUC
008 041022e20030000uk |||||||||||||||||eng|d
020 |a 0130451428 
082 0 4 |a 572.8  |b REE  |2 21 
100 0 |a Reed, Rob  |e author  |9 488675 
700 0 |a Holmes, David  |e author  |9 488676 
700 0 |a Weyers, Jonathan  |e author  |9 488677 
700 0 |a Jones, Allan  |e author  |9 488678 
245 1 0 |a Practical skills in biomolecular sciences 
250 |a 2a. ed 
300 |a 538 p 
942 |c BK 
945 |d 20041022 00:00:00  |a cmena 
260 |a Essex  |b Pearson Education  |c 2003 
650 0 |a Biología molecular  |9 269677 
650 0 |a Investigación científica  |9 259857 
650 7 |a GENETICA BIOQUIMICA  |2 CL-VaPUC  |9 361159 
583 |a last modification  |c 20171204 01:29:41  |k Rodrigo Vera 
999 |c 311050  |d 311048 
952 |0 0  |1 0  |4 0  |6 572_800000000000000_REE_2003  |7 0  |8 A  |9 380242  |a BIBCUR  |b BIBCUR  |d 2019-11-21  |i 4073207  |o 572.8 REE 2003  |p 4073207  |r 2025-04-22  |w 2019-11-21  |y BK  |k QUI